| 000 | 00792nam a2200181 i 4500 | ||
|---|---|---|---|
| 001 | 174967 | ||
| 003 | ES-MaACL | ||
| 005 | 20250414181510.0 | ||
| 008 | 100827s1999 sp |||| |dspa d | ||
| 080 | _a821.134.2(85) Vargas Llosa, Mario 1.06(082.2) | ||
| 245 | 0 | 0 |
_aMario Vargas Llosa, XIII Premio Internacional Menéndez Pelayo _b: discursos pronunciados en ocasión de la entrega del XIII Premio Internacional Menéndez Pelayo a don Mario Vargas Llosa el 12 de julio de 1999 en el Palacio de la Magdalena. |
| 260 |
_aSantander : _bUIMP, _c1999. |
||
| 300 |
_a57 p. ; _c21 cm. |
||
| 600 | 1 | 4 |
_aVargas Llosa, Mario, _d1936-2025- _vHomenajes _9113206 |
| 710 | 2 |
_aUniversidad Internacional Menéndez Pelayo. _97384 |
|
| 852 |
_aES-MaACL _j2257-F-15 |
||
| 999 |
_c174967 _d174967 |
||